[Event "4th GRENKE Open 2019"]
[Site "Karlsruhe"]
[Date "2019.04.19"]
[Round "3.93"]
[White "Jerez Perez, Alfonso"]
[Black "Alvarez Serrano, Carlos"]
[Result "1/2-1/2"]
[WhiteElo "2413"]
[BlackElo "2200"]
[Annotator "ChessBase"]
[PlyCount "200"]
[EventDate "2019.04.18"]
[EventType "swiss"]
[EventCountry "GER"]
[SourceTitle "playchess.com"]
[Source "ChessBase"]
[SourceQuality "1"]

1. e4 c5 2. c3 Nf6 3. e5 Nd5 4. Nf3 Nc6 5. Bc4 Nb6 6. Bb3 d5 7. exd6 Qxd6 8. O-O Be6 9. d4 Bxb3 10. axb3 cxd4 11. Na3 a6 12. cxd4 Nd5 13. Nc4 Qd8 14. Nfe5 Nxe5 15. dxe5 e6 16. Qg4 b5 17. Nd6+ Bxd6 18. Qxg7 Bxe5 19. Qxe5 Qf6 20. Qd6 Qd8 21. Qc6+ Ke7 22. Rxa6 Rxa6 23. Qxa6 Qb6 24. Qxb6 Nxb6 25. Be3 Nd5 26. Bc5+ Kf6 27. Ra1 b4 28. g3 Rc8 29. Ra5 Kg6 30. Kg2 Rc6 31. Kf3 Kf5 32. h3 h5 33. g4+ hxg4+ 34. hxg4+ Kg6 35. Ke4 Kg5 36. f3 Kh4 37. Rb5 Kg3 38. Bxb4 Rc2 39. Bd6+ Kg2 40. Rb7 f6 41. f4 Rxb2 42. f5 Re2+ 43. Kd3 Kf3 44. fxe6 Rxe6 45. Bc5 Re4 46. b4 Nxb4+ 47. Bxb4 Rxg4 48. Bc3 f5 49. Rb1 Rg2 50. Bd4 f4 51. Rf1+ Kg4 52. Bf2 Rh2 53. Ke2 Rh3 54. Rg1+ Kf5 55. Rg8 Ra3 56. Bc5 Rg3 57. Rf8+ Ke4 58. Re8+ Kf5 59. Kf2 Rd3 60. Bb4 Kg4 61. Rf8 Rd4 62. Bc3 Rd3 63. Rg8+ Kf5 64. Ba5 Ra3 65. Bd2 Ra4 66. Ke2 Rd4 67. Rg7 Ra4 68. Bc3 Re4+ 69. Kf2 Rc4 70. Bd2 Ra4 71. Ke2 Rd4 72. Bc3 Re4+ 73. Kd2 Re3 74. Bd4 Rg3 75. Re7 Rh3 76. Bc5 Rh8 77. Rf7+ Ke5 78. Bb6 Ke4 79. Bc7 Rh2+ 80. Ke1 Rh1+ 81. Kf2 Rh2+ 82. Kg1 Rh4 83. Kg2 Rg4+ 84. Kf2 Rh4 85. Re7+ Kf5 86. Re5+ Kg4 87. Re4 Kf5 88. Ra4 Rh2+ 89. Kg1 Rh4 90. Ra5+ Kg4 91. Kg2 Rh7 92. Rc5 Rh4 93. Bd8 Rh5 94. Rc7 Kf5 95. Rf7+ Kg4 96. Rg7+ Kf5 97. Rf7+ Kg4 98. Bc7 Rf5 99. Rg7+ Rg5 100. Rxg5+ Kxg5 1/2-1/2

[Event "4th GRENKE Open 2019"]
[Site "Karlsruhe"]
[Date "2019.04.19"]
[Round "3.94"]
[White "Lorscheid, Gerhard"]
[Black "Roseneck, Jonas"]
[Result "0-1"]
[WhiteElo "2202"]
[BlackElo "2407"]
[Annotator "ChessBase"]
[PlyCount "58"]
[EventDate "2019.04.18"]
[EventType "swiss"]
[EventCountry "GER"]
[SourceTitle "playchess.com"]
[Source "ChessBase"]
[SourceQuality "1"]

1. d4 Nf6 2. c4 e6 3. Nc3 Bb4 4. Qc2 b6 5. a3 Bxc3+ 6. Qxc3 d5 7. Bg5 dxc4 8. Qxc4 O-O 9. Nf3 Ba6 10. Qa4 c5 11. e3 Bxf1 12. Rxf1 cxd4 13. Bxf6 Qxf6 14. Qxd4 Qg6 15. Rc1 Na6 16. b4 Rad8 17. Qb2 Rd5 18. g3 Rfd8 19. Nd4 Nb8 20. Qc2 Qh5 21. h4 g6 22. Qe2 Qe5 23. f4 Qd6 24. Kf2 e5 25. Nf3 Nc6 26. b5 Ne7 27. fxe5 Qxa3 28. Ra1 Qb4 29. Rxa7 Rd2 0-1

[Event "4th GRENKE Open 2019"]
[Site "Karlsruhe"]
[Date "2019.04.19"]
[Round "3.95"]
[White "Thinius, Marco"]
[Black "Erdmann, Stefan"]
[Result "1-0"]
[WhiteElo "2406"]
[BlackElo "2199"]
[Annotator "ChessBase"]
[PlyCount "108"]
[EventDate "2019.04.18"]
[EventType "swiss"]
[EventCountry "GER"]
[SourceTitle "playchess.com"]
[Source "ChessBase"]
[SourceQuality "1"]

1. Nf3 c5 2. c4 Nc6 3. g3 g6 4. Bg2 Bg7 5. Nc3 e6 6. d4 cxd4 7. Nb5 d5 8. cxd5 Qa5+ 9. Nd2 Qxb5 10. a4 Qb4 11. dxc6 Ne7 12. b3 bxc6 13. Ba3 Qb7 14. O-O O-O 15. Nc4 Qc7 16. Rc1 Re8 17. Bd6 Qd8 18. Be5 Bxe5 19. Nxe5 Bb7 20. Qd2 f6 21. Nxc6 Nxc6 22. Bxc6 Re7 23. b4 Kg7 24. b5 Qd6 25. Bxb7 Rxb7 26. Rc6 Qd5 27. Rfc1 Rd8 28. R1c5 Qe4 29. f3 Qb1+ 30. Rc1 Qb3 31. Rc7+ Rd7 32. Rxb7 Rxb7 33. Qxd4 e5 34. Qe4 Rd7 35. Kf2 Qb2 36. Rc2 Qa1 37. Kg2 Qe1 38. h4 h5 39. Rc8 Rf7 40. Qc4 Qa5 41. Kf1 Qb6 42. Qc6 Qxc6 43. Rxc6 Rd7 44. e4 Kf7 45. Ke2 Ke7 46. Ke3 g5 47. a5 gxh4 48. gxh4 Rd1 49. Rc7+ Kd6 50. Rxa7 Rb1 51. Rb7 Rb3+ 52. Kf2 Kc5 53. a6 f5 54. exf5 Kd5 1-0

[Event "4th GRENKE Open 2019"]
[Site "Karlsruhe"]
[Date "2019.04.19"]
[Round "3.96"]
[White "Joeres, Stefan"]
[Black "Benkovic, Petar"]
[Result "1/2-1/2"]
[WhiteElo "2202"]
[BlackElo "2405"]
[Annotator "ChessBase"]
[PlyCount "198"]
[EventDate "2019.04.18"]
[EventType "swiss"]
[EventCountry "GER"]
[SourceTitle "playchess.com"]
[Source "ChessBase"]
[SourceQuality "1"]

1. e4 c5 2. Nf3 e6 3. d4 cxd4 4. Nxd4 a6 5. Bd3 Nf6 6. Qe2 d6 7. c4 b6 8. Nc3 Bb7 9. O-O g6 10. Bg5 Bg7 11. Rad1 Nbd7 12. Kh1 Qc7 13. Bc2 O-O 14. Bh4 Rac8 15. Bb3 Nc5 16. f3 Qb8 17. Nc2 Rfe8 18. Bg3 Rcd8 19. Ba4 Nxa4 20. Nxa4 Bc6 21. Nc3 h6 22. Nb4 Bb7 23. Na4 Qc7 24. Qe3 Nh5 25. Bf2 b5 26. cxb5 axb5 27. Nc3 Qc4 28. a3 g5 29. Qd3 Qxd3 30. Nxd3 Bxc3 31. bxc3 Ra8 32. Ra1 Rec8 33. Rfc1 Kf8 34. Be3 Ke7 35. Nb2 Ba6 36. Kg1 Rab8 37. Nd3 Rc4 38. Nb2 Rc7 39. Nd1 Rbc8 40. Kf2 Rc4 41. g3 Nf6 42. Bd2 Nd7 43. Ne3 R4c5 44. a4 Ne5 45. Rcb1 bxa4 46. Rxa4 R5c6 47. Rba1 Bb5 48. Ra7+ R6c7 49. Rxc7+ Rxc7 50. f4 Nd3+ 51. Kf3 Bc6 52. fxg5 hxg5 53. Ng4 f6 54. Be3 Be8 55. Ke2 Nb2 56. Ke1 Bh5 57. Nf2 Nc4 58. Ra7 Rxa7 59. Bxa7 Bf3 60. h4 gxh4 61. gxh4 Kf7 62. Nd1 Bxe4 63. Ne3 Ne5 64. Bb8 Nf3+ 65. Kf2 d5 66. Kg3 Nd2 67. Bd6 Bd3 68. Bb4 Ne4+ 69. Kf3 Kg6 70. Ng2 e5 71. Ne3 Nd2+ 72. Kf2 Bc4 73. Ba5 Kh5 74. Bd8 Ne4+ 75. Kf3 Nd2+ 76. Kf2 Kg6 77. Ba5 f5 78. Bc7 e4 79. h5+ Kxh5 80. Nxf5 Kg6 81. Ne7+ Kf6 82. Nc6 Nb1 83. Be5+ Ke6 84. Bd4 Bb5 85. Ne5 Na3 86. Ng6 Nc2 87. Nf4+ Kd6 88. Ng2 Bc4 89. Ne3 Na3 90. Kg3 Nb5 91. Kf4 Bb3 92. Nf5+ Ke6 93. Ng7+ Kd6 94. Nf5+ Ke6 95. Ng7+ Kf7 96. Nf5 Ke6 97. Ng7+ Kf7 98. Nf5 Ke6 99. Ng7+ Kf7 1/2-1/2

[Event "4th GRENKE Open 2019"]
[Site "Karlsruhe"]
[Date "2019.04.19"]
[Round "3.98"]
[White "Spyropoulos, Nikolaos"]
[Black "Pahud, Cedric"]
[Result "1-0"]
[WhiteElo "2400"]
[BlackElo "2194"]
[Annotator "ChessBase"]
[PlyCount "83"]
[EventDate "2019.04.18"]
[EventType "swiss"]
[EventCountry "GER"]
[SourceTitle "playchess.com"]
[Source "ChessBase"]
[SourceQuality "1"]

1. e4 c5 2. Nf3 g6 3. d4 cxd4 4. Nxd4 Nc6 5. c4 Nf6 6. Nc3 d6 7. Be2 Nxd4 8. Qxd4 Bg7 9. Be3 O-O 10. Qd2 Be6 11. Rc1 Qa5 12. f3 Rfc8 13. b3 a6 14. Na4 Qxd2+ 15. Kxd2 Nd7 16. g4 f5 17. gxf5 gxf5 18. Nc3 Rf8 19. Rhg1 Kh8 20. exf5 Rxf5 21. f4 Rff8 22. Bf3 Rab8 23. Nd5 Rf7 24. Rg5 Nf6 25. Re1 Bxd5 26. cxd5 Rc8 27. Kd3 Bh6 28. Bd4 Bg7 29. h4 Ne8 30. Bg4 Rc7 31. Bh5 Rf8 32. Bb6 Rc3+ 33. Kd2 Bf6 34. Rf5 Rg3 35. Bxe8 Bc3+ 36. Kc2 Rxf5 37. Rxe7 Rxd5 38. Be3 Bd4 39. Bd2 Rg2 40. Bf7 Bf6 41. Re8+ Kg7 42. Bxd5 1-0

[Event "4th GRENKE Open 2019"]
[Site "Karlsruhe"]
[Date "2019.04.19"]
[Round "3.99"]
[White "Saraci, Nderim"]
[Black "Kardoeus, David"]
[Result "1/2-1/2"]
[WhiteElo "2397"]
[BlackElo "2189"]
[Annotator "ChessBase"]
[PlyCount "34"]
[EventDate "2019.04.18"]
[EventType "swiss"]
[EventCountry "GER"]
[SourceTitle "playchess.com"]
[Source "ChessBase"]
[SourceQuality "1"]

1. d4 Nf6 2. Nf3 g6 3. g3 Bg7 4. Bg2 O-O 5. O-O d6 6. c4 c5 7. Nc3 Be6 8. dxc5 Nc6 9. Be3 dxc5 10. Bxc5 Qa5 11. Ba3 Bxc4 12. Nd4 Nd5 13. Bxd5 Bxd4 14. Bxc4 Bxc3 15. Qd5 Rad8 16. Qxa5 Bxa5 17. Rfd1 Bd2 1/2-1/2

[Event "4th GRENKE Open 2019"]
[Site "Karlsruhe"]
[Date "2019.04.19"]
[Round "3.100"]
[White "Baskin, Robert"]
[Black "Mahitosh Dey"]
[Result "1-0"]
[WhiteElo "2394"]
[BlackElo "2187"]
[Annotator "ChessBase"]
[PlyCount "81"]
[EventDate "2019.04.18"]
[EventType "swiss"]
[EventCountry "GER"]
[SourceTitle "playchess.com"]
[Source "ChessBase"]
[SourceQuality "1"]

1. e4 e5 2. Nf3 Nc6 3. Bb5 a6 4. Ba4 Nf6 5. O-O b5 6. Bb3 Bb7 7. d3 Bc5 8. Nc3 d6 9. a4 b4 10. Ne2 O-O 11. Ng3 Bc8 12. c3 bxc3 13. bxc3 Rb8 14. Bc4 Na5 15. Ba2 Be6 16. d4 exd4 17. cxd4 Nb3 18. Bxb3 Bxb3 19. Qd3 Ba7 20. d5 Nd7 21. Be3 Bxe3 22. Qxe3 Nc5 23. Rfc1 Qd7 24. Rxc5 dxc5 25. Ne5 Qd6 26. Nc6 g6 27. e5 Qd7 28. Nxb8 Rxb8 29. Ne4 Qf5 30. Nf6+ Kg7 31. g4 Qc2 32. Rc1 Qa2 33. Rxc5 Bc4 34. Kg2 Rb1 35. d6 cxd6 36. Nh5+ Kf8 37. Rc8+ Ke7 38. Qa7+ Ke6 39. Re8+ Kd5 40. Nf6+ Kc6 41. Rc8# 1-0

[Event "4th GRENKE Open 2019"]
[Site "Karlsruhe"]
[Date "2019.04.19"]
[Round "3.101"]
[White "Hacker, Jonas"]
[Black "Le Goff, Ronan"]
[Result "1-0"]
[WhiteElo "2392"]
[BlackElo "2186"]
[Annotator "ChessBase"]
[PlyCount "73"]
[EventDate "2019.04.18"]
[EventType "swiss"]
[EventCountry "GER"]
[SourceTitle "playchess.com"]
[Source "ChessBase"]
[SourceQuality "1"]

1. e4 e5 2. Nf3 Nc6 3. Bb5 a6 4. Ba4 Nf6 5. O-O b5 6. Bb3 Be7 7. Re1 O-O 8. a4 b4 9. d4 d6 10. dxe5 Nxe5 11. h3 Bb7 12. Nbd2 Re8 13. Nxe5 dxe5 14. Qe2 Bf8 15. a5 Qe7 16. Bc4 Red8 17. Bd3 Nd7 18. Nb3 Nc5 19. Nxc5 Qxc5 20. b3 Qc6 21. Bb2 Qf6 22. Qe3 Bd6 23. Bc4 Qe7 24. Qg3 Re8 25. Rad1 Rab8 26. f4 Qf6 27. fxe5 Bxe5 28. Bxe5 Qxe5 29. Qxe5 Rxe5 30. Rd7 Rxa5 31. Bxf7+ Kh8 32. e5 Rc8 33. e6 Bc6 34. Rd4 Rd5 35. Rxd5 Bxd5 36. Rd1 c6 37. e7 1-0

[Event "4th GRENKE Open 2019"]
[Site "Karlsruhe"]
[Date "2019.04.19"]
[Round "3.102"]
[White "Kraemer, Enrico"]
[Black "Wenninger, Philipp"]
[Result "1/2-1/2"]
[WhiteElo "2200"]
[BlackElo "2391"]
[Annotator "ChessBase"]
[PlyCount "129"]
[EventDate "2019.04.18"]
[EventType "swiss"]
[EventCountry "GER"]
[SourceTitle "playchess.com"]
[Source "ChessBase"]
[SourceQuality "1"]

1. d4 d5 2. c4 c6 3. Nf3 Nf6 4. Nc3 a6 5. c5 Bg4 6. Ne5 Bf5 7. Bf4 Nbd7 8. e3 Nxe5 9. Bxe5 Nd7 10. Bg3 e5 11. Bd3 Bxd3 12. Qxd3 Be7 13. O-O O-O 14. b4 Bf6 15. a4 Re8 16. h3 h5 17. b5 axb5 18. axb5 h4 19. Bh2 Qe7 20. Kh1 g6 21. Rfd1 Bg7 22. Qb1 Rxa1 23. Qxa1 exd4 24. exd4 Nxc5 25. bxc6 bxc6 26. dxc5 Qxc5 27. Rc1 Qxf2 28. Bg1 Qd2 29. Qa3 Bf8 30. Qa1 Bg7 31. Qa3 d4 32. Nb1 Qe2 33. Rxc6 Rb8 34. Rc1 d3 35. Qa7 Be5 36. Qe3 Bg3 37. Nc3 Qxe3 38. Bxe3 Re8 39. Bd2 Rb8 40. Ne4 Be5 41. Rd1 Rd8 42. Bc3 Bxc3 43. Nxc3 Kg7 44. Kg1 d2 45. Ne4 Re8 46. Nxd2 Rd8 47. Kf2 f5 48. Ke2 Re8+ 49. Kd3 Rd8+ 50. Kc3 Kh6 51. Ra1 g5 52. Ra5 Kg6 53. Nf3 Rc8+ 54. Kd3 Rb8 55. Ra2 g4 56. Nd4 Rb1 57. Rf2 Rh1 58. Ne6 Kf6 59. Nf4 Kg5 60. Ke3 Rh2 61. Rd2 Rh1 62. Rf2 Rh2 63. Rd2 Rh1 64. Ne6+ Kf6 65. Rb2 1/2-1/2

[Event "4th GRENKE Open 2019"]
[Site "Karlsruhe"]
[Date "2019.04.19"]
[Round "3.103"]
[White "D`Costa, Lorin"]
[Black "Loehr, Markus"]
[Result "1-0"]
[WhiteElo "2390"]
[BlackElo "2180"]
[Annotator "ChessBase"]
[PlyCount "63"]
[EventDate "2019.04.18"]
[EventType "swiss"]
[EventCountry "GER"]
[SourceTitle "playchess.com"]
[Source "ChessBase"]
[SourceQuality "1"]

1. d4 Nf6 2. c4 g6 3. Nc3 d5 4. Bf4 Bg7 5. e3 c5 6. dxc5 Qa5 7. Rc1 dxc4 8. Bxc4 O-O 9. Nf3 Qxc5 10. Bb3 Qa5 11. O-O Nc6 12. h3 Bf5 13. Qe2 Ne4 14. g4 Nxc3 15. bxc3 Bd7 16. Rfd1 Be8 17. e4 Qa3 18. Rb1 Na5 19. Bd5 Bc6 20. Bxc6 bxc6 21. Rd7 Rfd8 22. Rbd1 Rxd7 23. Rxd7 Bxc3 24. e5 Qc5 25. Qd3 Kg7 26. Rd8 Rxd8 27. Qxd8 g5 28. Bxg5 Bxe5 29. Bxe7 Qc1+ 30. Kg2 Bc3 31. Bf8+ Kg6 32. Nh4# 1-0

[Event "4th GRENKE Open 2019"]
[Site "Karlsruhe"]
[Date "2019.04.19"]
[Round "3.104"]
[White "Gehmlich, Marcel"]
[Black "Van Kerkhof, David"]
[Result "1/2-1/2"]
[WhiteElo "2189"]
[BlackElo "2389"]
[Annotator "ChessBase"]
[PlyCount "49"]
[EventDate "2019.04.18"]
[EventType "swiss"]
[EventCountry "GER"]
[SourceTitle "playchess.com"]
[Source "ChessBase"]
[SourceQuality "1"]

1. c4 c5 2. Nc3 g6 3. g3 Bg7 4. Bg2 Nc6 5. e3 e6 6. Nge2 Nge7 7. O-O O-O 8. d4 cxd4 9. Nxd4 d5 10. cxd5 Nxd5 11. Nxd5 exd5 12. Qb3 Nxd4 13. exd4 a5 14. Be3 Be6 15. Rac1 a4 16. Qxb7 Rb8 17. Qa6 Rxb2 18. Qxa4 Qa8 19. Qxa8 Rxa8 20. Rc5 Bf8 21. Bxd5 Rd8 22. Bxe6 Bxc5 23. Bxf7+ Kxf7 24. dxc5 Rxa2 25. Kg2 1/2-1/2

[Event "4th GRENKE Open 2019"]
[Site "Karlsruhe"]
[Date "2019.04.19"]
[Round "3.105"]
[White "Maisch, Julian"]
[Black "Ashwath, R.."]
[Result "0-1"]
[WhiteElo "2181"]
[BlackElo "2388"]
[Annotator "ChessBase"]
[PlyCount "102"]
[EventDate "2019.04.18"]
[EventType "swiss"]
[EventCountry "GER"]
[SourceTitle "playchess.com"]
[Source "ChessBase"]
[SourceQuality "1"]

1. e4 e5 2. Nf3 Nc6 3. Bb5 g6 4. Bxc6 dxc6 5. O-O Bg7 6. h3 Ne7 7. d3 c5 8. Be3 b6 9. Nc3 Bb7 10. Nh2 O-O 11. Qd2 f5 12. Bh6 Nc6 13. Bxg7 Kxg7 14. Rae1 f4 15. Kh1 Nd4 16. f3 h5 17. Ne2 Ne6 18. Rg1 Kh7 19. Qc3 Qf6 20. a3 Rad8 21. b4 Rf7 22. Rd1 Rfd7 23. Nc1 g5 24. Nb3 cxb4 25. axb4 Rg7 26. Qa1 g4 27. fxg4 hxg4 28. Rdf1 Rdg8 29. hxg4 Rg6 30. Nd2 Nd4 31. Rf3 Nxf3 32. Ndxf3 Bc8 33. Qxe5 Qxe5 34. Nxe5 Rh6 35. Rf1 Bxg4 36. Rxf4 Bd1 37. Rf2 a5 38. Rd2 Bh5 39. Nc4 axb4 40. Kg1 Rf6 41. Ne3 Ra8 42. g4 Bf7 43. e5 Rf4 44. Kg2 Ra2 45. Nhf1 b3 46. cxb3 Bxb3 47. Kg3 Rd4 48. e6 Bxe6 49. Rd1 Ra3 50. Rc1 c5 51. Rb1 Rb3 0-1

[Event "4th GRENKE Open 2019"]
[Site "Karlsruhe"]
[Date "2019.04.19"]
[Round "3.106"]
[White "Hedman, Erik"]
[Black "Prraneeth Vuppala"]
[Result "1-0"]
[WhiteElo "2385"]
[BlackElo "2177"]
[Annotator "ChessBase"]
[PlyCount "169"]
[EventDate "2019.04.18"]
[EventType "swiss"]
[EventCountry "GER"]
[SourceTitle "playchess.com"]
[Source "ChessBase"]
[SourceQuality "1"]

1. d4 Nf6 2. c4 e6 3. Nf3 d5 4. g3 dxc4 5. Bg2 a6 6. Ne5 Bb4+ 7. Nc3 Nd5 8. O-O Bxc3 9. bxc3 b5 10. e4 Nxc3 11. Qf3 Ne2+ 12. Qxe2 Qxd4 13. Bf4 O-O 14. a4 Bb7 15. Rab1 c3 16. Nc4 Bc6 17. Na5 Qxa4 18. Bxc7 b4 19. Rfc1 Rc8 20. Qd3 Ra7 21. Bxb8 Rd7 22. Bd6 Qxa5 23. Bxb4 Rxd3 24. Bxa5 Bb5 25. Rc2 Ba4 26. Rxc3 Rdxc3 27. Bxc3 h6 28. Be1 Rc2 29. Bf1 Bc6 30. Bd3 Ra2 31. Rb6 Bb5 32. Bxb5 axb5 33. Bb4 Re2 34. f3 Re3 35. Kf2 Rb3 36. Rxb5 Rb2+ 37. Kg1 Rb3 38. f4 Re3 39. e5 Kh7 40. Bc5 Rc3 41. Kg2 Rc2+ 42. Bf2 Rc4 43. Rb2 Kg6 44. Kf3 Rc3+ 45. Ke4 h5 46. Bd4 Rc1 47. Rg2 Re1+ 48. Be3 Kh7 49. Kf3 Rf1+ 50. Bf2 Ra1 51. h3 Ra4 52. g4 hxg4+ 53. hxg4 Kg6 54. Be3 Rb4 55. Rd2 Ra4 56. Rd6 Kh7 57. f5 exf5 58. gxf5 Ra5 59. Bf4 Ra7 60. Kg4 Rb7 61. Ra6 Re7 62. Kf3 Rb7 63. Be3 Rb5 64. Ke4 Rb7 65. Ra7 Rb4+ 66. Bd4 Kg8 67. e6 fxe6 68. Rxg7+ Kf8 69. f6 Rb5 70. Be5 Rb4+ 71. Kd3 Rb3+ 72. Bc3 Rb5 73. Re7 Rb6 74. Ke4 Rb3 75. Bd4 Rb1 76. Rxe6 Re1+ 77. Kf5 Rd1 78. Bc5+ Kf7 79. Re7+ Kg8 80. Re8+ Kh7 81. f7 Rd5+ 82. Re5 Rd3 83. f8=Q Rf3+ 84. Ke6 Rf6+ 85. Qxf6 1-0

[Event "4th GRENKE Open 2019"]
[Site "Karlsruhe"]
[Date "2019.04.19"]
[Round "3.107"]
[White "Keller, Peter"]
[Black "Haast, Mark"]
[Result "0-1"]
[WhiteElo "2178"]
[BlackElo "2381"]
[Annotator "ChessBase"]
[PlyCount "52"]
[EventDate "2019.04.18"]
[EventType "swiss"]
[EventCountry "GER"]
[SourceTitle "playchess.com"]
[Source "ChessBase"]
[SourceQuality "1"]

1. e4 c5 2. Nf3 Nc6 3. d4 cxd4 4. Nxd4 Nf6 5. Nc3 d6 6. f3 e5 7. Nb3 Be7 8. Be3 O-O 9. Qd2 a5 10. a4 Nb4 11. O-O-O Be6 12. g4 d5 13. g5 Nxe4 14. fxe4 d4 15. Nxd4 exd4 16. Qxd4 Bxg5 17. Qc5 Bxe3+ 18. Qxe3 Qh4 19. Rd2 Rfd8 20. Bd3 Rac8 21. Rg1 g6 22. Rg3 Qe7 23. Kb1 Rc5 24. Be2 Rdc8 25. Bg4 Bxg4 26. Rxg4 Qe6 0-1

[Event "4th GRENKE Open 2019"]
[Site "Karlsruhe"]
[Date "2019.04.19"]
[Round "3.108"]
[White "Gschnitzer, Adrian"]
[Black "Elgersma, Onno"]
[Result "1-0"]
[WhiteElo "2380"]
[BlackElo "2174"]
[Annotator "ChessBase"]
[PlyCount "39"]
[EventDate "2019.04.18"]
[EventType "swiss"]
[EventCountry "GER"]
[SourceTitle "playchess.com"]
[Source "ChessBase"]
[SourceQuality "1"]

1. e4 c6 2. d4 d5 3. e5 Bf5 4. Nf3 e6 5. Be2 Ne7 6. O-O c5 7. c4 Nbc6 8. dxc5 d4 9. Qa4 Qd7 10. Rd1 d3 11. Nc3 Ng6 12. g4 Ncxe5 13. Nb5 Rc8 14. gxf5 dxe2 15. Rxd7 Nxf3+ 16. Kg2 Nfh4+ 17. Kh3 e1=Q 18. Nc7+ Rxc7 19. Rxc7+ Kd8 20. Qd7# 1-0

[Event "4th GRENKE Open 2019"]
[Site "Karlsruhe"]
[Date "2019.04.19"]
[Round "3.109"]
[White "Ambartsumova, Karina"]
[Black "Kannenberg, Karl-Heinz"]
[Result "1-0"]
[WhiteElo "2377"]
[BlackElo "2169"]
[Annotator "ChessBase"]
[PlyCount "47"]
[EventDate "2019.04.18"]
[EventType "swiss"]
[EventCountry "GER"]
[SourceTitle "playchess.com"]
[Source "ChessBase"]
[SourceQuality "1"]

1. Nf3 d5 2. d4 Nf6 3. c4 c6 4. g3 e6 5. Bg2 Be7 6. O-O O-O 7. Qd3 b6 8. b3 Bb7 9. Nc3 Nbd7 10. Bb2 c5 11. cxd5 exd5 12. e3 Rc8 13. Ne5 c4 14. Qf5 g6 15. Qh3 Nxe5 16. dxe5 Ne4 17. Nxe4 dxe4 18. Rfd1 Qe8 19. Qd7 Bc6 20. Qxa7 Bd8 21. Qa6 Bc7 22. Bh3 Rd8 23. Qxc4 Bd7 24. e6 1-0

[Event "4th GRENKE Open 2019"]
[Site "Karlsruhe"]
[Date "2019.04.19"]
[Round "3.110"]
[White "Leeb, Simon"]
[Black "Lenaerts, Lennert"]
[Result "1/2-1/2"]
[WhiteElo "2178"]
[BlackElo "2370"]
[Annotator "ChessBase"]
[PlyCount "54"]
[EventDate "2019.04.18"]
[EventType "swiss"]
[EventCountry "GER"]
[SourceTitle "playchess.com"]
[Source "ChessBase"]
[SourceQuality "1"]

1. d4 d5 2. c4 c6 3. Nf3 Nf6 4. e3 Bg4 5. h3 Bh5 6. Nbd2 Nbd7 7. Be2 e6 8. b3 Bb4 9. Qc2 Ne4 10. O-O Nxd2 11. Bxd2 Bxd2 12. Qxd2 O-O 13. Rac1 a5 14. Rfe1 Qe7 15. Qb2 Rfe8 16. Nd2 Bxe2 17. Rxe2 a4 18. b4 b5 19. cxd5 cxd5 20. Nb1 Rec8 21. Rec2 Nb6 22. Rxc8+ Nxc8 23. Rc5 Nd6 24. Nc3 Qd7 25. Qe2 Rb8 26. Qg4 f5 27. Qg3 h6 1/2-1/2

[Event "4th GRENKE Open 2019"]
[Site "Karlsruhe"]
[Date "2019.04.19"]
[Round "3.111"]
[White "Soham Das"]
[Black "Marzaduri, Riccardo"]
[Result "1-0"]
[WhiteElo "2367"]
[BlackElo "2168"]
[Annotator "ChessBase"]
[PlyCount "69"]
[EventDate "2019.04.18"]
[EventType "swiss"]
[EventCountry "GER"]
[SourceTitle "playchess.com"]
[Source "ChessBase"]
[SourceQuality "1"]

1. e4 e6 2. d3 d5 3. Qe2 Nf6 4. Nf3 Be7 5. g3 O-O 6. Bg2 c5 7. O-O Nc6 8. e5 Ne8 9. c4 Nc7 10. Nc3 a6 11. h4 b5 12. Bf4 Bb7 13. Rfe1 Re8 14. Rad1 Bf8 15. b3 Ra7 16. h5 Qa8 17. Nb1 a5 18. h6 g6 19. a4 b4 20. Nbd2 Rd8 21. Bg5 Rd7 22. Bh1 Ra6 23. Kh2 Ne7 24. Qe3 Ne8 25. Qf4 Nf5 26. Kh3 dxc4 27. dxc4 Nd4 28. Nxd4 Rxd4 29. Bxb7 Qxb7 30. Ne4 Rxd1 31. Rxd1 Qc6 32. f3 Ra7 33. Rd8 Ra8 34. Nf6+ Nxf6 35. Rxf8+ 1-0

[Event "4th GRENKE Open 2019"]
[Site "Karlsruhe"]
[Date "2019.04.19"]
[Round "3.112"]
[White "Henrich, Thomas"]
[Black "Shvayger, Yuliya"]
[Result "0-1"]
[WhiteElo "2170"]
[BlackElo "2366"]
[Annotator "NA"]
[PlyCount "70"]
[EventDate "2019.04.18"]
[EventType "swiss"]
[EventCountry "GER"]
[SourceTitle "playchess.com"]
[Source "ChessBase"]
[SourceQuality "1"]

1. d4 Nf6 2. c4 e6 3. Nc3 Bb4 4. Nf3 O-O 5. g3 d5 6. Bg2 dxc4 7. O-O Nbd7 8. Qa4 a5 9. a3 Nb6 10. Qc2 Bxc3 11. Qxc3 Bd7 12. Ne5 Nfd5 13. Qc2 Ba4 14. Qd2 f6 15. Nf3 f5 16. e4 fxe4 17. Ne5 Nf6 18. Re1 Qd5 19. Qc3 Rad8 20. Be3 Bb3 21. Rac1 c5 22. Qxa5 cxd4 23. Bd2 Nc8 24. Bh3 Nd6 25. Bb4 b5 26. Ng4 Rd7 27. Qb6 h5 28. Nxf6+ gxf6 29. Bxd6 Rxd6 30. Qc7 f5 31. Qe7 Rd7 32. Qg5+ Rg7 33. Qxh5 d3 34. Rf1 d2 35. Ra1 Rd8 0-1

[Event "4th GRENKE Open 2019"]
[Site "Karlsruhe"]
[Date "2019.04.19"]
[Round "3.113"]
[White "Koellner, Aaron Noah"]
[Black "Nothnagel, Marian Can"]
[Result "0-1"]
[WhiteElo "2174"]
[BlackElo "2363"]
[Annotator "NA"]
[PlyCount "44"]
[EventDate "2019.04.18"]
[EventType "swiss"]
[EventCountry "GER"]
[SourceTitle "playchess.com"]
[Source "ChessBase"]
[SourceQuality "1"]

1. d4 Nf6 2. Bg5 e6 3. Nd2 h6 4. Bh4 d5 5. e3 c5 6. c3 Nc6 7. f4 Be7 8. Bd3 Qb6 9. Rb1 g5 10. fxg5 hxg5 11. Bxg5 cxd4 12. exd4 e5 13. dxe5 Ng4 14. Qe2 Bxg5 15. Ngf3 Bxd2+ 16. Kxd2 Nf2 17. Rhf1 Nxd3 18. Qxd3 Be6 19. Ng5 Nxe5 20. Qe2 Nc4+ 21. Kd3 O-O-O 22. Nxf7 Bxf7 0-1

[Event "4th GRENKE Open 2019"]
[Site "Karlsruhe"]
[Date "2019.04.19"]
[Round "3.114"]
[White "Schweighoffer, Martin"]
[Black "Stark, Lars"]
[Result "0-1"]
[WhiteElo "2166"]
[BlackElo "2362"]
[Annotator "NA"]
[PlyCount "186"]
[EventDate "2019.04.18"]
[EventType "swiss"]
[EventCountry "GER"]
[SourceTitle "playchess.com"]
[Source "ChessBase"]
[SourceQuality "1"]

1. e4 e6 2. d4 d5 3. Nd2 Nc6 4. Ngf3 Nf6 5. e5 Nd7 6. Bd3 Nb4 7. Be2 c5 8. c3 Nc6 9. O-O Be7 10. a3 a5 11. b3 cxd4 12. cxd4 Nb6 13. Bb2 Bd7 14. Bd3 O-O 15. Qe2 Rc8 16. Rfc1 Qe8 17. g3 a4 18. Bc3 axb3 19. Nxb3 Na4 20. Be1 Na7 21. Bb4 Rxc1+ 22. Rxc1 Nc6 23. Nc5 Nxc5 24. Bxc5 h6 25. Qb2 Bxc5 26. Rxc5 Qa8 27. Kg2 Qa7 28. Rb5 Na5 29. Rc5 Nc4 30. Bxc4 dxc4 31. Nd2 Bc6+ 32. f3 Ra8 33. Nxc4 Qa4 34. d5 exd5 35. Nb6 Qxa3 36. Qxa3 Rxa3 37. Nxd5 Kf8 38. Nc3 Rb3 39. Kf2 Rb2+ 40. Ke3 Rxh2 41. Ne2 Ke7 42. Nd4 Bd7 43. Rc7 Rb2 44. f4 g6 45. Ke4 Kd8 46. Rc1 Ke7 47. Rc7 h5 48. Kd5 Kd8 49. Rc1 Rd2 50. Ke4 Bh3 51. Ke3 Rg2 52. Kf3 Rb2 53. Ke3 Kd7 54. Rc5 Bg4 55. Ke4 Bh3 56. Ke3 Rb1 57. Rd5+ Ke7 58. Rc5 Bd7 59. Rc7 Kd8 60. Rc2 Rb4 61. Rc3 Rb2 62. Ke4 Bh3 63. Ke3 Kd7 64. Rc5 Bg4 65. Ke4 Rg2 66. Rc3 Ke8 67. Rb3 Rg1 68. Kd5 Bh3 69. Kc5 Bg2 70. Rc3 Rd1 71. Nb5 Ke7 72. Kb6 Bc6 73. Nd6 f6 74. Nxb7 Bxb7 75. exf6+ Kxf6 76. Kxb7 Rf1 77. Rc5 Rf3 78. Rg5 h4 79. gxh4 Rxf4 80. Rg1 Rxh4 81. Kc6 Rh5 82. Kd6 Ra5 83. Rf1+ Rf5 84. Rg1 g5 85. Rg3 Ra5 86. Rg1 Kf5 87. Rf1+ Kg4 88. Ke6 Kh3 89. Rh1+ Kg3 90. Rh5 Kf4 91. Rh1 g4 92. Kf6 g3 93. Rf1+ Ke3 0-1